| 000 | 00568nam a2200205 a 4500 | ||
|---|---|---|---|
| 005 | 20230602063744.0 | ||
| 008 | 091027s1999 mx r 000 0 spa d | ||
| 020 | _a9682709997 | ||
| 035 | _aUPN01000173464 | ||
| 049 | _aCG | ||
| 050 | 4 |
_aPQ7298.23 O5 _bI5.3 |
|
| 100 | 1 |
_aMontemayor, Carlos, _d1947-2010 _929366 |
|
| 245 | 1 | 4 |
_aLos informes secretos / _cCarlos Montemayor. |
| 260 |
_aMéxico : _bBooket, _cc1999. |
||
| 300 | _a248 p. | ||
| 440 | 0 | _aNovela | |
| 586 | _aPremio literario Guiseppe Acerbi 2004 | ||
| 650 | 4 |
_aNovela mexicana _94557 |
|
| 905 | _aLibro | ||
| 999 |
_c145568 _d145568 |
||